| 000 | 01236cam a22003011i 4500 | ||
|---|---|---|---|
| 003 | SA-RiAUC | ||
| 005 | 20250929113727.0 | ||
| 008 | 250924s1981 su o g 000 0cara c | ||
| 040 |
_aSA-RiAUC _bara _cSA-RiAUC _erda |
||
| 043 | _aa-su--- | ||
| 050 | 4 | _bM34 1981 | |
| 082 | 0 | 4 |
_a920.0531 _qSA-RiAUC |
| 090 |
_a920.05312 _bم غ ر |
||
| 100 | 1 |
_aمغربي، محمد علي عبد الواحد، _d1333-1417 هجري _eمؤلف. |
|
| 245 | 1 | 0 |
_aأعلام الحجاز في القرن الرابع عشر للهجرة 1301-1400 هـ، 1882-1980 م. / _cمحمد علي مغربي. |
| 250 | _aالطبعة الأولى. | ||
| 264 | 1 |
_aجدة، السعودية : _bتهامة، _c1981 |
|
| 300 |
_a348 صفحة : _bصور ؛ _c24 سم. |
||
| 336 |
_aنص _btxt _2rdacontent _3كتاب |
||
| 337 |
_aبدون وسيط _bn _2rdamedia |
||
| 338 |
_aمجلد _bnc _2rdacarrier |
||
| 490 | 1 |
_aالكتاب العربي السعودي ؛ _v30 |
|
| 651 | 7 |
_aالحجاز (السعودية) _yقرن 14 هجري _vتراجم _2aucsh |
|
| 830 | 2 |
_aالكتاب العربي السعودي _v30 |
|
| 856 | 4 | _uhttps://www.aruc.org/ar/digital-content/27651 | |
| 942 |
_2ddc _cBOOK _n0 |
||
| 949 |
_aSA-JeALM _d250924 _umohamedma123 _n1 |
||
| 999 |
_c12190 _d12190 |
||